000 00777nam a2200265Ia 4500
003 OSt
005 20220924123441.0
006 a|||||r|||| 00| 0
007 ta
008 220923b |||||||| |||| 00| 0 urd d
020 _a8181880919 (hbk)
020 _cINR 250.00
024 _a352595
037 _b2372, 17/02/2020, M.R. Publications
_cTextual
040 _aARTS
_cARTS
_burd
041 _2urd
_aurd
082 _aO168,3NAS6,YA, Q1
100 _aRahi Aslam Au.
_9177108
245 0 _aYalghar
260 _aNew Delhi
_b Aakif book depot India
_c2011
300 _a552p.
_ccm.
650 _aURDU FICTION
_93298
942 _hO168,3NAS6,YA, Q1
_cTEXL
_2CC
999 _c415757
_d415757